Le concept de modele: introduction a une epistemologie materialiste des mathematiques
Guardat en:
| Autor principal: | |
|---|---|
| Format: | Llibre |
| Idioma: | francès |
| Publicat: |
París
Francois Maspero
1969
|
| Col·lecció: | Theorie. Cours de Philosophie pour Scientifiques, 4
|
| Matèries: | |
| Etiquetes: |
Afegir etiqueta
Sense etiquetes, Sigues el primer a etiquetar aquest registre!
|
MARC
| LEADER | 00000cam a2200000 a 4500 | ||
|---|---|---|---|
| 001 | UCF7710 | ||
| 003 | CL-VaPUC | ||
| 008 | 130704e19690000FR |||||||||||||||||fre|d | ||
| 082 | 0 | 4 | |a 510.1 |b BAD |2 21 |
| 100 | 0 | |a Badiou, Alain |e author |9 557218 | |
| 245 | 1 | 3 | |a Le concept de modele: introduction a une epistemologie materialiste des mathematiques |
| 300 | |a 94 p | ||
| 942 | |c BK | ||
| 945 | |d 20130704 00:00:00 |a dcastane | ||
| 260 | |a París |b Francois Maspero |c 1969 | ||
| 650 | 0 | |a Filosofía de las matemáticas |9 265233 | |
| 650 | 0 | |a Epistemología |9 264994 | |
| 583 | |a last modification |c 20130704 11:43:00 |k Rodrigo Vera | ||
| 490 | 0 | |a Theorie. Cours de Philosophie pour Scientifiques, 4 | |
| 999 | |c 352506 |d 352504 | ||
| 952 | |0 0 |1 0 |4 0 |6 510_100000000000000_BAD_1969 |7 0 |8 A |9 457056 |a BIBART |b BIBART |d 2019-11-22 |i 4984862 |o 510.1 BAD 1969 |p 4984862 |r 2025-03-13 |w 2019-11-22 |y BK |k ART | ||